000 00719nam a2200229Ii 4500
003 JO-AjNU
008 230605s9999||||xx |||||||||||||| ||und||
017 _a2011/8/3149
020 _a978-9957-07-959-8
040 _aJO-AjNU
_bara
_erda
_cJO-AjNU
041 _aara
050 1 4 _aBF128.A7.K33.2012
100 3 _aكفافي،علاء الدين، سالم،سهير محمد,
_eauthor
_943015
245 0 0 _aمدخل الى علم النفس
250 _aط1
264 3 1 _aعمان:دار الفكر ناشرون وموزعون ، 2011
300 _a238ص
336 _atext
_btxt
_2rdacontent
337 _aunmediated
_bn
_2rdamedia
338 _avolume
_bnc
_2rdacarrier
650 4 _aعلم النفس
_943016
999 _aA18462
_c22030
_d22030